000 01134nam a2200277 i 4500
003 EG-ScBUE
005 20231214132044.0
008 111207s19uu sy bo f b 000 0 ara d
040 _aEG-ScBUE
_bara
_erda
_cEG-ScBUE
_dEG-ScBUE
082 0 4 _222
_a939.4
_bس ب ا
100 1 _928027
_aسبانو، أحمد غسان،
_eمؤلف.
245 1 0 _aاكتشافات مثيرة :
_bتغير تاريخ دمشق القديم : إرم ذات العماد /
_cتأليف أحمد غسان سبانو.
246 3 0 _aتاريخ دمشق القديم
264 1 _aدمشق :
_bمنشورات دار قتيبة،
_c[19--]
300 _a408 صفحة :
_bصور، خرائط ؛
_c24 سم
336 _2rdacontent
_aنص
_btxt
337 _aبدون وسيط
_2rdamedia
_bn
338 _aمجلد
_bnc
_2rdacarrier
504 _aيشتمل على إرجاعات ببليوجرافية.
651 7 _928028
_aدمشق (سوريا)
_xتاريخ.
_2BUEsh
651 7 _928029
_aدمشق (سوريا)
_xآثار.
_2BUEsh
651 7 _928030
_aسوريا
_xتاريخ قديم.
_2BUEsh
653 _cDecember2011
655 _vReading book
942 _2ddc
_cBB
999 _c16305
_d16305